Reverse Dictionary #89 - Statistics

General Stats
  • This quiz has been taken 30 times
  • The average score is 16 of 25
Answer Stats
Definition First
Letter
Word % Correct
One of the large bodies of water separating the continents. O Ocean
100%
A person who rehearses or performs a role in a theatrical play or in film or television; a dramatic performer. A Actor
87%
To obtain (something) in exchange for money or goods. B Buy
87%
To eat; to eat dinner or supper. D Dine
87%
Fine, dry powder consisting of tiny particles of earth or waste matter lying on the ground or on surfaces or carried in the air. D Dust
87%
To produce musical or harmonious sounds with one’s voice. S Sing
87%
1. The hair of the sheep, llama and some other ruminants.2. A cloth or yarn made from such hair. W Wool
83%
The visible part of fire; a stream of burning vapour or gas, emitting light and heat. F Flame
80%
The flesh (muscle tissue) of an animal used as food. M Meat
80%
To remove the fleece from (a sheep, llama, etc.) by clipping. S Shear
77%
1. Easy to use, useful.2. Nearby, within reach. H Handy
73%
To give public notice of, especially for the first time; to make known. A Announce
70%
(religion) To direct words, thoughts, or one's attention to a deity or any higher being, for the sake of adoration, thanks, petition for help, etc. P Pray
70%
The near-vacuum in which planets, stars and other celestial objects are situated; the universe beyond the earth's atmosphere. S Space
70%
To instruct or train. E Educate
67%
A biological structure found in many animals that is used for locomotion and that is frequently a separate organ at the terminal part of the leg. F Foot
67%
Tending to strong, unpleasant emotion or feeling caused by actual or perceived danger or threat. Timid or frightened. F Fearful
63%
To satisfy, carry out, bring to completion (an obligation, a requirement, etc.). F Fulfill
63%
1. Semiliquid, pasty, or granular.2. Soft; squishy. 3. Overly sappy, corny, or cheesy; maudlin. M Mushy
60%
1. Cautious; restrained.2. Watched over; supervised. G Guarded
53%
(somewhat dated) To beg or implore something of (a person). B Beseech
40%
An indefinite large number of. N Numerous
37%
Given to impulsive, illogical, capricious or playfully odd behavior. W Whimsical
30%
Thin, malnourished and weak. S Scrawny
23%
Inattentive to surrounding objects; absent in mind; meditative. A Abstracted
7%
No matching quizzes found
Score Distribution
Percent of People with Each Score
Percentile by Number Answered
Your Score History
You have not taken this quiz